Name a Movie That... (2000s) Quiz Stats

 Plays Quiz Updated Dec 3, 2018

Challenge
Share
Tweet
Embed
Score 0/20 Timer 04:00
3 Plays Today
Name a 2000s movie that... Movie % Correct
...won Best PictureSlumdog Millionaire...
86.4%
...was made by Disney/PixarUp...
83.4%
...made 400 million dollars+ in the USAAvatar...
79.9%
...featured James BondCasino Royale...
76.7%
...featured Clint Eastwood as an actorGran Torino...
74.2%
...starred Angelina Jolie and wasn't animatedChangeling...
74.2%
...got a major release and was a live-action musicalMoulin Rouge!...
67.8%
...starred Denzel WashingtonThe Book of Eli...
65%
...got a Best Picture nomination and was directed by a womanLost in Translation...
57.1%
...got Meryl Streep an Oscar NominationAdaptation...
54.4%
Name a 2000s movie that... Movie % Correct
...won Martin Scorsese the elusive OscarThe Departed
53%
...was made by Disney Animation (not Pixar)Dinosaur...
45.5%
...had Arnold Schwarzenegger before he became a politicianThe 6th Day...
40.8%
...is in IMDB's Top 50 films and didn't win Best PictureCity of God...
37.7%
...was directed by Steven SpielbergMunich...
35.7%
...was directed by Paul Thomas or Wes AndersonThere Will Be Blood...
33.2%
...was directed by Woody AllenMatch Point...
29.9%
...got a major release and was a Western Appaloosa...
29.9%
...was directed by David FincherPanic Room...
16.9%
...won the Oscar for Best Foreign Language FilmTsotsi...
12.1%

You're not logged in!

Compare scores with friends on all Sporcle quizzes.
OR
Log In

You Might Also Like...

Show Comments

Extras

Top Quizzes Today


Score Distribution

Your Account Isn't Verified!

In order to create a playlist on Sporcle, you need to verify the email address you used during registration. Go to your Sporcle Settings to finish the process.

Report this User

Report this user for behavior that violates our Community Guidelines.

Details: